Ako zvládnuť- základy rozhlasového spravodajstva

Bibliographic Details
Main Author: Jenča, Imrich (Author)
Format: Book
Language:Slovak
PhysicalDescription:67 s. 21 cm
Published: Bratislava Slovenský rozhlas 2001
Subjects:

MARC

LEADER 00000nam a2200000 a 4500
001 vtls011615280
003 SK-MaSNL
005 20260301181408.0
008 240313s2001 xo f n 000 0 slo
020 |q (brožované) 
035 |a urn:nbn:sk:snk-am00cx46 
035 |a urn:nbn:sk:snk-am3hmlm 
035 |a 2AF98C66-D339-4F1C-B04F-A71653A0E100 
040 |a SNK  |b slo  |c SNK  |e AACR2 
041 0 |a slo 
044 |a xo  |c SK 
072 7 |a 070  |x Noviny. Tlač. Žurnalistika  |2 konspekt 
080 |a 070.431  |2 2011 
080 |a 070  |2 2011 
080 |a 654.195.6  |2 2011 
080 |a (048.8)  |2 2011 
100 1 |a Jenča, Imrich  |4 aut  |9 8749 
245 1 0 |a Ako zvládnuť-  |b základy rozhlasového spravodajstva  |c Imrich Jenča 
260 |a Bratislava  |b Slovenský rozhlas  |c 2001 
300 |a 67 s.  |c 21 cm 
366 |e 200 výt. 
504 |a Bibliogr.: . 65-66 
650 0 7 |a spravodajstvo  |2 SNKPH  |9 15209 
650 0 7 |a Reporting  |2 SNKPHeng  |9 104218 
650 0 7 |a žurnalistika  |2 SNKPH  |9 951 
650 0 7 |a Journalism  |2 SNKPHeng  |9 270423 
650 0 7 |a rozhlasové vysielanie  |2 SNKPH  |9 19400 
650 0 7 |a Radio broadcasting  |2 SNKPHeng  |9 266921 
655 7 |a monografie  |2 SNKPH  |9 70139 
655 7 |a Monographs  |2 SNKPHeng  |9 120675 
958 |a TL 
958 |a NB 
999 |c 849865  |d 851795 
952 |a SNK  |b SNK  |y PREZ  |7 0  |p 17A1125442  |o snkSC 173536  |i snk2017/5790  |8 7  |0 0  |1 0  |4 0  |d 2017-03-02  |f 1  |l 0  |r 2025-09-11 00:00:00  |w 2026-02-24